000 00334nam a22001457a 4500
008 230626b ||||| |||| 00| 0 eng d
020 _a9780323009898
041 _aeng
080 _2SIXTH EDITION
_a616.053
082 _a616.053WON
100 _a14.2
101 _aPEDI
245 _aPEDIATRIC NURSING
_cWONG.L.D
942 _2udc
_cBK
999 _c60038
_d60038